| 000 | 00914nas a2200301 4500 | ||
|---|---|---|---|
| 001 | BR0602952 | ||
| 003 | BR-BrBNA | ||
| 005 | 20231205110111.0 | ||
| 007 | ta | ||
| 008 | 230509b bl.|||p| |||| 00| 00por d | ||
| 040 |
_aBR-BrBNA _bpor _cBiblioteca Nacional de Agricultura |
||
| 041 | _a(En) | ||
| 072 | _aL73 | ||
| 100 | 1 | _aLara, M.C.C.S.H. | |
| 100 | 1 | _aBirgel Junior, E.H. | |
| 100 | 1 | _aBirgel, E.H. | |
| 245 | 1 | _aPossibility of vertical transmission of caprine arthritis-encephalitis virus in neonate kids | |
| 650 | _aCAPRINO | ||
| 650 | _aCABRITO | ||
| 650 | _aVÍRUS | ||
| 650 | _aARTRITE | ||
| 650 | _aENCEFALITE | ||
| 650 | _aTRANSMISSÃO DE DOENÇA | ||
| 650 | _aINFECÇÃO | ||
| 773 | 0 |
_tArquivo Brasileiro de Medicina Veterinária e Zootecnia (Brazil) _xISSN 0102-0935 _g(Jun 2005), v. 57(4) p. 553-555 _wBR0602952 |
|
| 909 |
_a202311 _bLúcia _c55 _dLúcia Elande |
||
| 942 |
_2AGRIS _n0 _cANA |
||
| 999 |
_c186207 _d186207 |
||